[Event "Hamburg-chT Landesliga 1920"]
[Site "Hamburg"]
[Date "2020.02.09"]
[Round "6.8"]
[White "Pfreundt, Mathis"]
[Black "Hedayat Nassab, Djamschid"]
[Result "1/2-1/2"]
[WhiteElo "1961"]
[BlackElo "2090"]
[PlyCount "65"]
[EventDate "2019.09.29"]
[EventType "team-tourn"]
[EventRounds "9"]
[EventCountry "GER"]
[SourceTitle "EXT 2021"]
[Source "ChessBase"]
[SourceDate "2020.10.23"]
[SourceVersion "1"]
[SourceVersionDate "2020.10.23"]
[SourceQuality "1"]

1. d4 Nf6 2. c4 e6 3. Nc3 Bb4 4. e3 Bxc3+ 5. bxc3 0-0 6. Nf3 b6 7. Bd3 Bb7 8. 0-0 Ne4 9. Qc2 f5 10. Nd2 d5 11. cxd5 exd5 12. f3 Nxd2 13. Bxd2 Qf6 14. e4 Nd7 15. exf5 c5 16. Qb2 cxd4 17. cxd4 Nc5 18. Bb5 a6 19. Be2 Na4 20. Qb4 b5 21. Bf4 Qxf5 22. Be5 Rac8 23. Rac1 Rc2 24. Rxc2 Qxc2 25. Qe7 Rf7 26. Qe8+ Rf8 27. Qe6+ Rf7 28. Bd6 Qc8 29. Qe3 Qd7 30. Be5 Nb6 31. f4 Nc4 32. Qc3 Qc6 33. Qd3 1/2-1/2

[Event "GER-chT U14"]
[Site "Duesseldorf"]
[Date "2016.12.27"]
[Round "1.1"]
[White "Pfreundt, Mathis"]
[Black "Engel, Luis"]
[Result "0-1"]
[WhiteElo "1920"]
[BlackElo "2313"]
[PlyCount "88"]
[EventDate "2016.12.27"]
[EventType "team-swiss"]
[EventRounds "7"]
[EventCountry "GER"]
[SourceTitle "EXT 2018"]
[Source "ChessBase"]
[SourceDate "2017.10.13"]
[SourceVersion "1"]
[SourceVersionDate "2017.10.13"]
[SourceQuality "1"]
[WhiteTeam "Hamburg Koenigsspringer U14"]
[BlackTeam "Hamburger SK U14"]
[WhiteTeamCountry "GER"]
[BlackTeamCountry "GER"]

1. e4 c5 2. Nf3 d6 3. d4 cxd4 4. Nxd4 Nf6 5. f3 e5 6. Nb3 Be6 7. c4 Nbd7 8. Be3 Rc8 9. Na3 a6 10. Be2 Be7 11. 0-0 0-0 12. Rc1 Rc7 13. Qd2 Qb8 14. Rfd1 Rfc8 15. Kh1 h6 16. Qd3 b6 17. Bf1 Rc6 18. Rc2 Nh7 19. Nd2 Bg5 20. Bxg5 hxg5 21. b4 Nhf6 22. Nb3 g4 23. b5 axb5 24. cxb5 Rxc2 25. Nxc2 gxf3 26. gxf3 d5 27. Nb4 dxe4 28. fxe4 Rc4 29. Nc6 Qa8 30. Bg2 Qxa2 31. Ra1 Qf2 32. Nd2 Rc5 33. Nf3 Rc2 34. Qf1 Nxe4 35. Nfxe5 Qxf1+ 36. Rxf1 Nxe5 37. Nxe5 Nd6 38. Bc6 Nxb5 39. Bxb5 Rc5 40. Nxf7 Rxb5 41. Nd6 Rg5 42. h4 Bd5+ 43. Kh2 Rg2+ 44. Kh3 Rg6 0-1

[Event "GER-chT U14"]
[Site "Verden"]
[Date "2015.12.27"]
[Round "1.1"]
[White "Pfreundt, Mathis"]
[Black "Askerov, Imamali"]
[Result "1/2-1/2"]
[WhiteElo "1814"]
[BlackElo "1883"]
[PlyCount "53"]
[EventDate "2015.12.27"]
[EventType "team-swiss"]
[EventRounds "7"]
[EventCountry "GER"]
[SourceTitle "EXT 2017"]
[Source "ChessBase"]
[SourceDate "2016.10.25"]
[SourceVersion "1"]
[SourceVersionDate "2016.10.25"]
[SourceQuality "1"]
[WhiteTeam "Koenigsspringer"]
[BlackTeam "Uelzen Post"]
[WhiteTeamCountry "GER"]
[BlackTeamCountry "GER"]

1. e4 c5 2. Nf3 e6 3. d4 cxd4 4. Nxd4 a6 5. Nb3 Qc7 6. g3 b5 7. Bg2 Bb7 8. 0-0 Nf6 9. Qe2 d6 10. a4 b4 11. a5 Nbd7 12. c3 bxc3 13. Nxc3 Be7 14. Be3 Rc8 15. Rfc1 Qc4 16. Qd1 Ne5 17. Bf1 Qc7 18. Nd5 Qb8 19. Rxc8+ Bxc8 20. Nxe7 Kxe7 21. Nc5 dxc5 22. Bxc5+ Ke8 23. Bd6 Nf3+ 24. Kg2 Ne1+ 25. Kg1 Nf3+ 26. Kg2 Ne1+ 27. Kg1 1/2-1/2

[Event "Oberliga Nord N 1415"]
[Site "Germany"]
[Date "2015.04.12"]
[Round "9.8"]
[White "Hamann, Carsten"]
[Black "Pfreundt, Mathis"]
[Result "1-0"]
[WhiteElo "2114"]
[BlackElo "1714"]
[PlyCount "117"]
[EventDate "2014.09.21"]
[EventType "team-tourn"]
[EventRounds "9"]
[EventCountry "GER"]
[SourceTitle "EXT 2016"]
[Source "ChessBase"]
[SourceDate "2015.10.08"]
[SourceVersion "1"]
[SourceVersionDate "2015.10.08"]
[SourceQuality "1"]
[WhiteTeam "Preetz"]
[BlackTeam "Hamburg Koenigsspringer"]
[WhiteTeamCountry "GER"]
[BlackTeamCountry "GER"]

1. e4 c5 2. b4 cxb4 3. a3 e6 4. axb4 Nf6 5. e5 Nd5 6. b5 d6 7. Nf3 dxe5 8. Nxe5 Be7 9. c4 Nf6 10. Bb2 Nbd7 11. Nxd7 Bxd7 12. Be2 0-0 13. 0-0 a6 14. bxa6 Rxa6 15. d4 Rxa1 16. Bxa1 Bc6 17. Nd2 Qa5 18. Bf3 Ba4 19. Qe2 Bb4 20. Ne4 Nxe4 21. Bxe4 Bc6 22. d5 exd5 23. cxd5 Bb5 24. Qb2 f6 25. Rb1 Rc8 26. g3 Ba6 27. Qb3 Bd6 28. Bf5 Rc7 29. Be6+ Kh8 30. Bd4 Qd2 31. Be3 Qd3 32. Qxd3 Bxd3 33. Rb6 Bc5 34. Bxc5 Rxc5 35. Rxb7 h5 36. f3 Bc4 37. Rd7 Ra5 38. Kf2 Ra2+ 39. Ke3 Rxh2 40. Kd4 h4 41. Bf5 g6 42. gxh4 Bxd5 43. Kxd5 gxf5 44. Ke6 Rxh4 45. Kxf6 Rh3 46. Rd3 f4 47. Kg5 Rh1 48. Rd7 Rf1 49. Kxf4 Kg8 50. Kg4 Rg1+ 51. Kf5 Rf1 52. f4 Rc1 53. Kf6 Rc8 54. f5 Rf8+ 55. Kg6 Rc8 56. f6 Rb8 57. Rg7+ Kh8 58. Rh7+ Kg8 59. f7+ 1-0

[Event "GER-ch U12"]
[Site "Magdeburg"]
[Date "2014.06.10"]
[Round "5"]
[White "Pfreundt, Mathis"]
[Black "Roseneck, Jonas"]
[Result "1-0"]
[WhiteElo "1666"]
[BlackElo "1814"]
[PlyCount "59"]
[EventDate "2014.06.08"]
[EventType "swiss"]
[EventRounds "11"]
[EventCountry "GER"]
[SourceTitle "CBM 160 Extra"]
[Source "ChessBase"]
[SourceDate "2014.07.01"]
[SourceVersion "1"]
[SourceVersionDate "2014.07.01"]
[SourceQuality "1"]

1. e4 c5 2. Nc3 Nc6 3. g3 g6 4. Bg2 Bg7 5. d3 e6 6. f4 Nge7 7. Nf3 0-0 8. Ne2 d5 9. 0-0 b6 10. c3 Ba6 11. Qc2 Rc8 12. Rd1 Qc7 13. Be3 Rfd8 14. Bf2 Bb7 15. Rac1 a5 16. a4 Ba6 17. Bh3 Rb8 18. g4 Na7 19. Bg3 Rb7 20. g5 Qd7 21. Nh4 b5 22. f5 Nec6 23. fxe6 Qe7 24. exf7+ Kh8 25. Nf4 dxe4 26. Nfxg6+ hxg6 27. Nxg6+ Kh7 28. Nxe7 Nxe7 29. dxe4 Rxd1+ 30. Qxd1 1-0

[Event "GER-ch U12"]
[Site "Magdeburg"]
[Date "2014.06.09"]
[Round "4"]
[White "Reitz, Theresa"]
[Black "Pfreundt, Mathis"]
[Result "0-1"]
[WhiteElo "1446"]
[BlackElo "1666"]
[PlyCount "52"]
[EventDate "2014.06.08"]
[EventType "swiss"]
[EventRounds "11"]
[EventCountry "GER"]
[SourceTitle "CBM 160 Extra"]
[Source "ChessBase"]
[SourceDate "2014.07.01"]
[SourceVersion "1"]
[SourceVersionDate "2014.07.01"]
[SourceQuality "1"]

1. e4 c5 2. Nf3 Nc6 3. Bb5 d6 4. Bxc6+ bxc6 5. 0-0 g6 6. d4 cxd4 7. Qxd4 f6 8. Nc3 Nh6 9. h3 Bg7 10. Qd1 0-0 11. Be3 f5 12. exf5 Nxf5 13. Qd2 Nxe3 14. Qxe3 Bf5 15. Qd2 Bxh3 16. gxh3 Rxf3 17. Kg2 Qf8 18. Rfe1 Qf5 19. Rh1 Rf8 20. Raf1 Bf6 21. Nd1 Bh4 22. Qd4 Qg5+ 23. Qg4 Qd5 24. Kg1 R8f4 25. Qc8+ Kg7 26. Ne3 Rxe3 0-1

[Event "GER-chT North U12"]
[Site "Magdeburg"]
[Date "2013.09.13"]
[Round "3.1"]
[White "Steffens, Oliver"]
[Black "Pfreundt, Mathis"]
[Result "1-0"]
[WhiteElo "1545"]
[BlackElo "1473"]
[PlyCount "101"]
[EventDate "2013.09.12"]
[EventType "team-swiss"]
[EventRounds "7"]
[EventCountry "GER"]
[SourceTitle "EXT 2014"]
[Source "ChessBase"]
[SourceDate "2013.11.20"]
[SourceVersion "1"]
[SourceVersionDate "2013.11.20"]
[SourceQuality "1"]
[WhiteTeam "Bremen West"]
[BlackTeam "Hamburg Koenigsspringer"]
[WhiteTeamCountry "GER"]
[BlackTeamCountry "GER"]

1. e4 c5 2. Nf3 Nc6 3. Bb5 g6 4. 0-0 Bg7 5. c3 e5 6. d3 Nge7 7. Re1 0-0 8. Qc2 d6 9. Nbd2 h6 10. Nb3 Kh7 11. Bxc6 bxc6 12. d4 cxd4 13. cxd4 exd4 14. Nbxd4 Bb7 15. Bf4 Qd7 16. Rad1 Rad8 17. Nb3 Nc8 18. e5 d5 19. Nc5 Qe7 20. e6 Rfe8 21. Be5 Nb6 22. Bxg7 Kxg7 23. Ne5 f5 24. Nxb7 Qxb7 25. Qxc6 Qxc6 26. Nxc6 Rd6 27. Nd4 Nc4 28. b3 Na5 29. Rc1 Kf6 30. f4 Re7 31. Rc8 a6 32. h3 h5 33. Kf2 Nb7 34. b4 Nd8 35. Rc5 Nxe6 36. Nxe6 Rexe6 37. Rxe6+ Kxe6 38. Ke3 Rb6 39. a3 Rd6 40. Kd4 Rd7 41. Rc6+ Rd6 42. Rxd6+ Kxd6 43. h4 Kc6 44. a4 Kd6 45. b5 a5 46. g3 Ke6 47. Kc5 d4 48. Kxd4 Kd6 49. Kc4 Kd7 50. Kd5 Ke7 51. Kc6 1-0

[Event "GER-ch U10"]
[Site "Oberhof"]
[Date "2012.05.28"]
[Round "4"]
[White "Baltic, Fatih"]
[Black "Pfreundt, Mathis"]
[Result "0-1"]
[WhiteElo "1379"]
[BlackElo "1035"]
[PlyCount "36"]
[EventDate "2012.05.27"]
[EventType "swiss"]
[EventRounds "11"]
[EventCountry "GER"]
[SourceTitle "CBM 148 Extra"]
[Source "ChessBase"]
[SourceDate "2012.06.22"]
[SourceVersion "1"]
[SourceVersionDate "2012.06.22"]
[SourceQuality "1"]

1. e4 c5 2. Nf3 Nc6 3. Bb5 g6 4. 0-0 Bg7 5. h3 a6 6. Bxc6 bxc6 7. d3 Rb8 8. Nc3 Nf6 9. Rb1 Nh5 10. e5 Qc7 11. g4 Bxe5 12. Nxe5 Qxe5 13. gxh5 d5 14. Qf3 Rg8 15. Bf4 gxh5+ 16. Kh2 Qf5 17. Rfe1 Rb4 18. Qe3 Qxf4+ 0-1